Welcome to the Holygrace Academy Library

Please use search bar below to get started

SEA OF POPPIES (Record no. 2399)

MARC details
000 -LEADER
fixed length control field 00625nam a22001457a 4500
020 ## - INTERNATIONAL STANDARD BOOK NUMBER
ISBN 978-0-143-06615-6
082 ## - DEWEY DECIMAL CLASSIFICATION NUMBER
Classification number 823
Item number GHO/S
100 ## - MAIN ENTRY--AUTHOR NAME
Personal name GHOSH, AMITAV
245 ## - TITLE STATEMENT
Title SEA OF POPPIES
260 ## - PUBLICATION, DISTRIBUTION, ETC. (IMPRINT)
Place of publication LONDON
Name of publisher PENGUIN BOOKS
300 ## - PHYSICAL DESCRIPTION
Number of Pages 515
520 ## - SUMMARY, ETC.
Summary, etc Sea of Poppies begins with the conversion of a former slave ship, the Ibis, into a transport vessel. The ship will henceforth carry opium bound for China and indentured servants to colonies like the British West Indies. As the Ibis is outfitted, readers are led through the splendidly exciting cosmos of 1838 Calcutta.
650 ## - SUBJECT ADDED ENTRY--TOPICAL TERM
Topical Term NOVEL,ENGLISH
Geographic subdivision LONDON
942 ## - ADDED ENTRY ELEMENTS (KOHA)
Koha item type Books
Holdings
Withdrawn status Lost status Collection code Home library Current library Shelving location Date acquired Source of acquisition Full call number Accession Number Koha item type
    Fiction Main Library Main Library SHELF-2-D ENGLIAH NOVELS FOR TEACHERS 15/10/2011 PURCHASE 823 GHO/S 05600 Books